| 000 | 00465nam a22001697a 4500 | ||
|---|---|---|---|
| 005 | 20251108164040.0 | ||
| 008 | 250721s1985 xx 000 0 ara d | ||
| 082 | 1 | 4 | _a321.0095668/كما |
| 100 | 1 | _aالمنوفي، كمال | |
| 245 | 1 | 0 | _aالحكومة الكويتيه / |
| 264 | 1 |
_aالكويت : _bشركة الربيعان، _c1985. |
|
| 300 | _a69ص : جداول | ||
| 650 | 1 | 7 | _aالدولة |
| 650 | 1 | 7 | _aلبنان |
| 942 |
_2ddc _cBK |
||
| 999 |
_c2304 _d2304 |
||